Ratatouille - Characters by Picture - Statistics

General Stats
  • This quiz has been taken 164 times
    162 since last reset
  • The average score is 6 of 17
Answer Stats
Picture Answer % Correct
Remy
96%
Alfredo Linguini
85%
Auguste Gusteau
67%
Anton Ego
66%
Colette Tatou
62%
Émile
57%
Jonah Robert Skinner
43%
Horst
17%
Django
16%
Lalo
11%
Patrick Pompidou
8%
Larousse
7%
Mustafa
7%
Talon Labarthe
6%
Ambrister Minion
5%
Git
5%
Nadar Lessard
2%
No matching quizzes found
Score Distribution
Percent of People with Each Score
Percentile by Number Answered
Your Score History
You have not taken this quiz since the last reset